|
|
|
|
| LEADER |
00000nam a2200000 i 4500 |
| 001 |
115546 |
| 003 |
CZ-ZlUTB |
| 005 |
20260429082906.0 |
| 007 |
ta |
| 008 |
260427s2026 xr a a 000 0 cze d |
| 020 |
|
|
|a 978-80-266-2161-4
|q (brožováno)
|
| 040 |
|
|
|a ZLD002
|b cze
|e rda
|
| 072 |
|
7 |
|a 373.2/.3
|x Předškolní a primární výchova a vzdělávání
|2 Konspekt
|9 22
|
| 072 |
|
7 |
|a 0/9-053.2
|x Literatura pro děti a mládež (naučná)
|2 Konspekt
|9 26
|
| 080 |
|
|
|a 373.2
|2 MRF
|
| 080 |
|
|
|a 379.82/.84
|2 MRF
|
| 080 |
|
|
|a 159.946.4
|2 MRF
|
| 080 |
|
|
|a (076.1)
|2 MRF
|
| 080 |
|
|
|a (0.053.2)
|2 MRF
|
| 100 |
1 |
|
|a Novotná, Ivana
|7 mzk2007417386
|4 aut
|
| 245 |
1 |
0 |
|a Pracovní sešit předškoláka 4 /
|c Ivana Novotná ; ilustrace: Miroslav Růžek
|
| 250 |
|
|
|a 1. vydání
|
| 264 |
|
1 |
|a V Brně :
|b Edika,
|c 2026
|
| 300 |
|
|
|a 48 stran :
|b ilustrace (převážně barevné) ;
|c 30 cm
|
| 336 |
|
|
|a text
|b txt
|2 rdacontent
|
| 337 |
|
|
|a bez média
|b n
|2 rdamedia
|
| 338 |
|
|
|a svazek
|b nc
|2 rdacarrier
|
| 500 |
|
|
|a Obálkový podnázev: Příprava dítěte na úspěšný start ve škole 4-6 let
|
| 650 |
0 |
7 |
|a předškolní výchova
|7 ph124887
|2 czenas
|
| 650 |
0 |
7 |
|a dovednosti a znalosti
|7 ph124546
|2 czenas
|
| 650 |
0 |
7 |
|a grafomotorika
|7 ph120600
|2 czenas
|
| 650 |
0 |
9 |
|a preschool education
|2 eczenas
|
| 650 |
0 |
9 |
|a ability and knowledge
|2 eczenas
|
| 650 |
0 |
9 |
|a graphomotorics
|2 eczenas
|
| 655 |
|
7 |
|a pracovní sešity
|7 fd133116
|2 czenas
|
| 655 |
|
7 |
|a publikace pro děti
|7 fd133156
|2 czenas
|
| 655 |
|
9 |
|a activity books
|2 eczenas
|
| 655 |
|
9 |
|a children’s literature
|2 eczenas
|
| 700 |
1 |
|
|a Růžek, Miroslav,
|d 1958-
|7 mzk2003175530
|4 ill
|
| 710 |
2 |
|
|a Edika (nakladatelství)
|7 ko20251279065
|4 pbl
|
| 910 |
|
|
|a ZLD002
|
| 942 |
|
|
|2 udc
|
| 952 |
|
|
|0 0
|1 0
|4 0
|6 373NOVOTNÁI
|7 -1
|8 BOOK
|9 190888
|a UTBZL
|b UTBZL
|c 005
|d 2026-04-27
|l 0
|o 373/NOVOTNÁ,I.
|p 420010202030
|r 2026-04-27 13:55:17
|v 199.00
|w 2026-04-27
|x N:nákup
|y 01
|
| 992 |
|
|
|a BK
|b SK
|
| 999 |
|
|
|c 115546
|d 115546
|